[Event "POL-chT 1st League"]
[Site "Leba"]
[Date "2023.09.24"]
[Round "2.7"]
[White "Szustakowski, Antoni"]
[Black "Malecki, Rafal"]
[Result "1-0"]
[WhiteElo "2332"]
[BlackElo "1950"]
[PlyCount "103"]
[EventDate "2023.09.23"]
[EventType "team-swiss"]
[EventRounds "9"]
[EventCountry "POL"]
[SourceTitle "EXT 2024"]
[Source "ChessBase"]
[SourceDate "2023.10.10"]
[SourceVersion "1"]
[SourceVersionDate "2023.10.10"]
[SourceQuality "1"]
[WhiteTeam "Opole Rodlo"]
[BlackTeam "Chroscice Victoria"]
[WhiteTeamCountry "POL"]
[BlackTeamCountry "POL"]

1. d4 Nf6 2. Nf3 g6 3. c4 Bg7 4. Nc3 0-0 5. e4 d6 6. Be2 Nbd7 7. 0-0 c6 8. Be3 Qc7 9. Qc2 Ng4 10. Bg5 e5 11. d5 f6 12. Bc1 c5 13. Ng5 fxg5 14. Bxg4 Qd8 15. Nb5 Nb6 16. Bxc8 Nxc8 17. Qe2 h5 18. h3 a6 19. Nc3 Bf6 20. Rb1 b6 21. b4 Ra7 22. a4 Rh7 23. a5 cxb4 24. Rxb4 bxa5 25. Rb3 g4 26. hxg4 Bg5 27. gxh5 Bxc1 28. Rxc1 Qg5 29. Na2 Rxh5 30. Rf3 Rf4 31. Rxf4 exf4 32. Qf3 Qh6 33. Kf1 Nb6 34. Ke2 Re5 35. c5 dxc5 36. Rxc5 Qf8 37. Rc6 Nxd5 38. Rxg6+ Kf7 39. Rxa6 Qc5 40. Qd3 Nf6 41. Nc3 Qc8 42. Rd6 Qg4+ 43. Qf3 Qf5 44. Kd3 Qg5 45. Rd4 Rc5 46. Nd5 Nxd5 47. exd5 Qg6+ 48. Qe4 Qa6+ 49. Kd2 Qf1 50. Qxf4+ Ke8 51. Re4+ Kd7 52. Qf7+ 1-0

[Event "POL-chT 1st League"]
[Site "Sypniewo"]
[Date "2022.09.03"]
[Round "1.4"]
[White "Tomaszewski, Roman"]
[Black "Malecki, Rafal"]
[Result "1-0"]
[WhiteElo "2189"]
[BlackElo "1938"]
[PlyCount "73"]
[EventDate "2022.09.03"]
[EventType "team-swiss"]
[EventRounds "9"]
[EventCountry "POL"]
[SourceTitle "CBM 210 Extra"]
[Source "ChessBase"]
[SourceDate "2022.11.30"]
[SourceVersion "1"]
[SourceVersionDate "2022.11.30"]
[SourceQuality "1"]
[WhiteTeam "Podlesie UKS 21"]
[BlackTeam "Chroscice Victoria"]
[WhiteTeamCountry "POL"]
[BlackTeamCountry "POL"]

1. c4 e5 2. Nc3 d6 3. g3 Nc6 4. Bg2 Be6 5. d3 Qd7 6. e4 g6 7. Nge2 Bg7 8. Be3 Nge7 9. Nd5 0-0 10. h4 Nd4 11. Nxd4 exd4 12. Bd2 c6 13. Nf4 d5 14. cxd5 cxd5 15. Nxe6 Qxe6 16. 0-0 dxe4 17. Bxe4 Be5 18. Re1 Qd6 19. Qe2 Rab8 20. Bg2 Bf6 21. Bf4 Qb4 22. a3 Qb6 23. Bxb8 Rxb8 24. Rac1 h5 25. Qc2 Rc8 26. Qd2 Rf8 27. Qb4 Qd8 28. Qxb7 Nf5 29. Qc7 a5 30. Qxd8 Rxd8 31. Rc5 Rb8 32. Re2 Rb3 33. Rd2 a4 34. Ra5 Bg7 35. Bd5 Rb6 36. Rxa4 Bh6 37. Rc2 1-0

[Event "POL-chT 2nd League"]
[Site "Sypniewo"]
[Date "2021.09.09"]
[Round "6.7"]
[White "Gola, Karol"]
[Black "Malecki, Rafal"]
[Result "1/2-1/2"]
[WhiteElo "2174"]
[BlackElo "1942"]
[PlyCount "117"]
[EventDate "2021.09.04"]
[EventType "team-swiss"]
[EventRounds "9"]
[EventCountry "POL"]
[SourceTitle "CBM 204 Extra"]
[Source "ChessBase"]
[SourceDate "2021.11.30"]
[SourceVersion "1"]
[SourceVersionDate "2021.11.30"]
[SourceQuality "1"]
[WhiteTeam "Gliwice Politechnika Slaska"]
[BlackTeam "Chroscice Victoria"]
[WhiteTeamCountry "POL"]
[BlackTeamCountry "POL"]

1. e4 g6 2. d4 d6 3. Nc3 Bg7 4. Be3 c6 5. Qd2 Nd7 6. Nf3 Qc7 7. a4 Ngf6 8. Bh6 0-0 9. Bd3 Re8 10. 0-0 a5 11. Bc4 d5 12. exd5 Nb6 13. Bb3 Nbxd5 14. Nxd5 cxd5 15. Ne5 Be6 16. Rfe1 Qb6 17. Rad1 Rad8 18. Qe3 Bh8 19. h3 Ne4 20. c4 dxc4 21. Bxc4 Bxc4 22. Nxc4 Qb4 23. b3 Nc3 24. Rd3 Nxa4 25. Ne5 Nb6 26. Nxf7 Nd5 27. Qe4 Bf6 28. Nxd8 Rxd8 29. Bd2 Qb5 30. Be3 b6 31. g4 Qb4 32. Bd2 Qb5 33. g5 Bg7 34. h4 Rd6 35. Rc1 Qd7 36. Be3 Kf7 37. Kg2 Kg8 38. Rdd1 Kf7 39. Qf3+ Kg8 40. Qh3 e6 41. Qf3 Qe8 42. Rc4 Rd8 43. Qe4 Qd7 44. Rdc1 Re8 45. Qf3 Bf8 46. Bf4 Ba3 47. Ra1 Bb2 48. Rb1 b5 49. Rxb2 bxc4 50. bxc4 Nxf4+ 51. Qxf4 Qc6+ 52. d5 exd5 53. cxd5 Qxd5+ 54. Kh2 Qe5 55. Qxe5 Rxe5 56. Rb7 Rf5 57. Kg3 Rf7 58. Rb8+ Kg7 59. Ra8 1/2-1/2

[Event "POL-chT 2nd League"]
[Site "Sypniewo"]
[Date "2021.09.06"]
[Round "3.10"]
[White "Malecki, Rafal"]
[Black "Luba, Lukasz"]
[Result "1/2-1/2"]
[WhiteElo "1942"]
[BlackElo "2143"]
[PlyCount "87"]
[EventDate "2021.09.04"]
[EventType "team-swiss"]
[EventRounds "9"]
[EventCountry "POL"]
[SourceTitle "CBM 204 Extra"]
[Source "ChessBase"]
[SourceDate "2021.11.30"]
[SourceVersion "1"]
[SourceVersionDate "2021.11.30"]
[SourceQuality "1"]
[WhiteTeam "Chroscice Victoria"]
[BlackTeam "Radkow Giecek"]
[WhiteTeamCountry "POL"]
[BlackTeamCountry "POL"]

1. Nf3 Nf6 2. g3 d5 3. Bg2 Bg4 4. d3 h6 5. Nbd2 Nc6 6. c3 Qd7 7. b4 a6 8. a3 Bh3 9. Bxh3 Qxh3 10. e4 Rd8 11. Qe2 dxe4 12. dxe4 Nd7 13. Ng1 Qg2 14. Qf3 Qxf3 15. Ngxf3 Nde5 16. Ke2 g5 17. Ne1 Bg7 18. a4 0-0 19. b5 Na5 20. Ra2 Rd7 21. Rc2 Rfd8 22. f4 Nd3 23. Nxd3 Rxd3 24. Bb2 c5 25. Rf1 g4 26. e5 axb5 27. axb5 f5 28. c4 Nb3 29. Nxb3 Rxb3 30. Rd1 Rxd1 31. Kxd1 Kf8 32. Bc3 b6 33. Kd2 Ra3 34. Rc1 Ra2+ 35. Rc2 Ra4 36. Kd3 h5 37. Rc1 Ra2 38. Rc2 Ra7 39. Rc1 Bh6 40. Ra1 Rxa1 41. Bxa1 e6 42. Ke3 Ke7 43. Bc3 Kd7 44. Bd2 1/2-1/2

[Event "Poronin Tatra Limba op"]
[Site "Poronin"]
[Date "2021.05.25"]
[Round "5"]
[White "Malecki, Rafal"]
[Black "Kusiak, Mateusz"]
[Result "1/2-1/2"]
[WhiteElo "1959"]
[BlackElo "1694"]
[PlyCount "87"]
[EventDate "2021.05.22"]
[EventType "swiss"]
[EventRounds "9"]
[EventCountry "POL"]
[SourceTitle "EXT 2022"]
[Source "ChessBase"]
[SourceDate "2021.10.06"]
[SourceVersion "1"]
[SourceVersionDate "2021.10.06"]
[SourceQuality "1"]

1. Nf3 Nf6 2. g3 g6 3. Bg2 Bg7 4. 0-0 0-0 5. d3 d5 6. Nbd2 c5 7. c3 Nc6 8. Qc2 b6 9. Re1 e5 10. e4 Bb7 11. a4 Qd7 12. a5 Ba6 13. exd5 Nxd5 14. Nc4 Rfe8 15. axb6 axb6 16. Ng5 Bxc4 17. Rxa8 Rxa8 18. dxc4 Nde7 19. Rd1 Qc7 20. Bd5 Nxd5 21. cxd5 Nd8 22. Qb3 Nb7 23. Ne4 Nd6 24. Nxd6 Qxd6 25. Qb5 h5 26. Bg5 f6 27. Be3 Bf8 28. f4 Bh6 29. Qd3 Kg7 30. fxe5 Bxe3+ 31. Qxe3 Qxe5 32. Qxe5 fxe5 33. Kf2 Kf6 34. Ke3 Ke7 35. d6+ Kd7 36. Ke4 Re8 37. Rd5 Re6 38. c4 Rf6 39. Rxe5 Rf2 40. Rg5 Rxh2 41. Rxg6 Rxb2 42. Rh6 Re2+ 43. Kd5 Rd2+ 44. Ke4 1/2-1/2

[Event "Poronin Tatra Limba op"]
[Site "Poronin"]
[Date "2021.05.22"]
[Round "1"]
[White "Malecki, Rafal"]
[Black "Cukrowski, Filip"]
[Result "0-1"]
[WhiteElo "1959"]
[BlackElo "2412"]
[PlyCount "62"]
[EventDate "2021.05.22"]
[EventType "swiss"]
[EventRounds "9"]
[EventCountry "POL"]
[SourceTitle "EXT 2022"]
[Source "ChessBase"]
[SourceDate "2021.10.06"]
[SourceVersion "1"]
[SourceVersionDate "2021.10.06"]
[SourceQuality "1"]

1. Nf3 Nf6 2. g3 c5 3. Bg2 Nc6 4. 0-0 d5 5. d3 Bg4 6. Nbd2 e6 7. c3 Be7 8. Qc2 Qc7 9. Re1 0-0 10. e4 Rfd8 11. a3 b5 12. h4 dxe4 13. dxe4 e5 14. a4 a6 15. axb5 axb5 16. Rxa8 Rxa8 17. Nf1 h6 18. N3h2 Be6 19. Ne3 Rd8 20. g4 Qa5 21. Qe2 b4 22. Bd2 Qa2 23. Nf5 Qxb2 24. Be3 Qxe2 25. Nxe7+ Nxe7 26. Rxe2 Rd1+ 27. Nf1 bxc3 28. Bxc5 Nc6 29. g5 hxg5 30. hxg5 Nd7 31. Be3 Nd4 0-1

[Event "POL-chT 2nd League"]
[Site "Poronin"]
[Date "2020.09.07"]
[Round "3.6"]
[White "Malecki, Rafal"]
[Black "Bartkowiak, Damian"]
[Result "0-1"]
[WhiteElo "2025"]
[BlackElo "2088"]
[PlyCount "90"]
[EventDate "2020.09.05"]
[EventType "team-swiss"]
[EventRounds "9"]
[EventCountry "POL"]
[SourceTitle "CBM 198 Extra"]
[Source "ChessBase"]
[SourceDate "2020.11.30"]
[SourceVersion "1"]
[SourceVersionDate "2020.11.30"]
[SourceQuality "1"]
[WhiteTeam "Chroscice Victoria"]
[BlackTeam "Zakrzewo Korona"]
[WhiteTeamCountry "POL"]
[BlackTeamCountry "POL"]

1. Nf3 d5 2. g3 Nf6 3. Bg2 c5 4. 0-0 Nc6 5. d3 Bg4 6. Nbd2 e6 7. c3 Be7 8. Qc2 0-0 9. e4 Qc7 10. Re1 dxe4 11. dxe4 Nd7 12. a4 a6 13. h4 h6 14. Nh2 Bh5 15. f4 Rad8 16. e5 Na5 17. b3 c4 18. b4 Nb3 19. Nxb3 cxb3 20. Qxb3 Nb6 21. Be4 Nd5 22. Bxd5 Rxd5 23. Be3 Rd3 24. Rac1 Rfd8 25. Nf1 Qc6 26. b5 axb5 27. axb5 Qf3 28. Qc2 Qg4 29. Qg2 Bg6 30. Qxb7 Bxh4 31. Qg2 Be7 32. Bf2 Bf5 33. Ne3 Qg6 34. Nxf5 Qxf5 35. c4 Ba3 36. Rc2 Rb3 37. Qe4 Qg4 38. Kg2 Rdd3 39. Re3 Rxe3 40. Bxe3 Bc5 41. Rd2 f5 42. exf6 Rxe3 43. Rd8+ Kf7 44. Qb7+ Kxf6 45. Rf8+ Bxf8 0-1

[Event "Wroclaw op"]
[Site "Wroclaw"]
[Date "2020.08.01"]
[Round "1"]
[White "Malecki, Rafal"]
[Black "Cukrowski, Filip"]
[Result "0-1"]
[WhiteElo "2071"]
[BlackElo "2419"]
[PlyCount "70"]
[EventDate "2020.08.01"]
[EventType "swiss"]
[EventRounds "9"]
[EventCountry "POL"]
[SourceTitle "CBM 197 Extra"]
[Source "ChessBase"]
[SourceDate "2020.09.30"]
[SourceVersion "1"]
[SourceVersionDate "2020.09.30"]
[SourceQuality "1"]

1. Nf3 Nf6 2. g3 g6 3. Bg2 Bg7 4. 0-0 0-0 5. d3 d5 6. Nbd2 c5 7. e4 dxe4 8. dxe4 Nc6 9. Re1 e5 10. c3 h6 11. Qe2 Be6 12. Nc4 Qc7 13. a4 a6 14. Nfd2 b6 15. Ne3 Rfd8 16. Ndc4 Rac8 17. f4 exf4 18. Nd5 Bxd5 19. exd5 Nxd5 20. Bxd5 Rxd5 21. Bxf4 Qa7 22. a5 Nxa5 23. Nxa5 bxa5 24. Qc4 Rcd8 25. Rxa5 Qb6 26. Ra2 Rd1 27. Kf2 g5 28. Be3 Qf6+ 29. Ke2 Rxe1+ 30. Kxe1 Qf3 31. Qe2 Qh1+ 32. Kf2 Rd6 33. Qh5 Rf6+ 34. Ke2 Qg2+ 35. Kd3 Qd5+ 0-1

[Event "Raciborz op 20th"]
[Site "Raciborz"]
[Date "2020.01.14"]
[Round "6"]
[White "Malecki, Rafal"]
[Black "Gardian, Adam"]
[Result "0-1"]
[WhiteElo "2096"]
[BlackElo "1724"]
[PlyCount "38"]
[EventDate "2020.01.11"]
[EventType "swiss"]
[EventRounds "9"]
[EventCountry "POL"]
[SourceTitle "CBM 194 Extra"]
[Source "ChessBase"]
[SourceDate "2020.03.31"]
[SourceVersion "1"]
[SourceVersionDate "2020.03.31"]
[SourceQuality "1"]

1. Nf3 f5 2. c4 Nf6 3. Nc3 e6 4. b3 b6 5. Bb2 Bb7 6. Qc2 Be7 7. e3 0-0 8. d4 Na6 9. a3 Qe8 10. Bd3 Qg6 11. Bf1 Rad8 12. Ne5 Qh6 13. f4 d6 14. Nf3 Ng4 15. Qe2 Bf6 16. 0-0-0 e5 17. Nd5 exf4 18. Nxf4 Rde8 19. Rd3 Rxe3 0-1

[Event "POL-chT 2nd League"]
[Site "Jastrzebia Gora"]
[Date "2019.09.12"]
[Round "6.20"]
[White "Mazalon, Mariusz"]
[Black "Malecki, Rafal"]
[Result "0-1"]
[WhiteElo "1983"]
[BlackElo "2050"]
[PlyCount "54"]
[EventDate "2019.09.07"]
[EventType "team-swiss"]
[EventRounds "9"]
[EventCountry "POL"]
[SourceTitle "EXT 2020"]
[Source "ChessBase"]
[SourceDate "2019.10.17"]
[SourceVersion "1"]
[SourceVersionDate "2019.10.17"]
[SourceQuality "1"]
[WhiteTeam "Bydgoszcz Hetman"]
[BlackTeam "Chroscice Victoria"]
[WhiteTeamCountry "POL"]
[BlackTeamCountry "POL"]

1. d4 Nf6 2. c4 e5 3. dxe5 Ng4 4. Nf3 Bc5 5. e3 Nc6 6. Be2 0-0 7. 0-0 a5 8. Nc3 Re8 9. b3 Ncxe5 10. Nxe5 Nxe5 11. Ne4 Ba7 12. Bb2 Qh4 13. Nd2 d6 14. Nf3 Qh6 15. Nd4 Bd7 16. Qd2 Ng4 17. Bxg4 Bxg4 18. Rac1 Re5 19. f4 Rh5 20. g3 Re8 21. Rce1 d5 22. Nb5 Bb6 23. cxd5 Rd8 24. Bd4 Rhxd5 25. Nc3 R5d7 26. Qc2 c5 27. Be5 Rd2 0-1

[Event "Wroclaw op"]
[Site "Wroclaw"]
[Date "2019.08.05"]
[Round "1"]
[White "Urbaniak, Marcin"]
[Black "Malecki, Rafal"]
[Result "0-1"]
[WhiteElo "1397"]
[BlackElo "2063"]
[PlyCount "108"]
[EventDate "2019.08.05"]
[EventType "swiss"]
[EventRounds "9"]
[EventCountry "POL"]
[SourceTitle "CBM 191 Extra"]
[Source "ChessBase"]
[SourceDate "2019.09.30"]
[SourceVersion "1"]
[SourceVersionDate "2019.09.30"]
[SourceQuality "1"]

1. e4 d6 2. d4 g6 3. Nf3 Bg7 4. Bc4 Nf6 5. Nc3 c6 6. a4 0-0 7. 0-0 d5 8. exd5 cxd5 9. Ba2 Bg4 10. h3 Bxf3 11. Qxf3 e6 12. Bf4 Nc6 13. Rfd1 Qb6 14. Nb5 Rfc8 15. c4 dxc4 16. Nd6 Rd8 17. Nxc4 Nxd4 18. Qe3 Qc5 19. Be5 Ne8 20. b4 Qxb4 21. Bxd4 Qxa4 22. Bb3 Bxd4 23. Bxa4 Bxe3 24. Nxe3 Nd6 25. Rab1 Rab8 26. Rd2 Kf8 27. Rc1 b5 28. Bd1 Rb6 29. Rc7 a5 30. Ra7 a4 31. Rb2 Rdb8 32. Rb4 Nc8 33. Ra5 Ne7 34. Bf3 f5 35. Nc2 e5 36. Rb1 Nc6 37. Bxc6 Rxc6 38. Nb4 Rc4 39. Nd3 e4 40. Ne5 Rc7 41. Rxa4 bxa4 42. Rxb8+ Ke7 43. Rb6 Rc1+ 44. Kh2 a3 45. Ra6 Rc2 46. Rxa3 Rxf2 47. Re3 Kd6 48. Nc4+ Kd5 49. Kg3 Rf1 50. Nd2 f4+ 51. Kh2 fxe3 52. Nxf1 e2 53. Ne3+ Kd4 54. Nc2+ Kc3 0-1

[Event "Raciborz op 19th"]
[Site "Raciborz"]
[Date "2019.02.11"]
[Round "5"]
[White "Malecki, Rafal"]
[Black "Frolov, Artur"]
[Result "0-1"]
[WhiteElo "2036"]
[BlackElo "2447"]
[PlyCount "60"]
[EventDate "2019.02.09"]
[EventType "swiss"]
[EventRounds "9"]
[EventCountry "POL"]
[SourceTitle "CBM 188 Extra"]
[Source "ChessBase"]
[SourceDate "2019.02.26"]
[SourceVersion "1"]
[SourceVersionDate "2019.02.26"]
[SourceQuality "1"]

1. Nf3 Nf6 2. g3 c5 3. Bg2 Nc6 4. 0-0 d5 5. d3 Bg4 6. h3 Bh5 7. Nbd2 e6 8. e4 Be7 9. Re1 0-0 10. g4 Bg6 11. Nh4 dxe4 12. Nxg6 hxg6 13. dxe4 Qc7 14. c3 Rad8 15. Qc2 Ne5 16. Nf3 Nd3 17. Re2 c4 18. Bg5 Rd7 19. e5 Nd5 20. Bxe7 Rxe7 21. Re4 f5 22. exf6 Rxf6 23. b3 b5 24. a4 Ref7 25. axb5 Rxf3 26. bxc4 Nxf2 27. cxd5 Qg3 28. Ree1 Nxh3+ 29. Kh1 Nf2+ 30. Kg1 Nxg4 0-1

[Event "Wroclaw op"]
[Site "Wroclaw"]
[Date "2018.08.03"]
[Round "8"]
[White "Malecki, Rafal"]
[Black "Kucza, Karol"]
[Result "0-1"]
[WhiteElo "1994"]
[BlackElo "2308"]
[PlyCount "48"]
[EventDate "2018.07.30"]
[EventType "swiss"]
[EventRounds "9"]
[EventCountry "POL"]
[SourceTitle "CBM 185 Extra"]
[Source "ChessBase"]
[SourceDate "2018.07.29"]
[SourceVersion "1"]
[SourceVersionDate "2018.07.29"]
[SourceQuality "1"]

1. e4 e5 2. f4 exf4 3. Nf3 Nf6 4. e5 Nh5 5. Qe2 Be7 6. d4 0-0 7. g4 fxg3 8. Qg2 d6 9. hxg3 Bg4 10. Be3 Nc6 11. Nbd2 dxe5 12. dxe5 Qd5 13. Bd3 Rad8 14. Be4 Qb5 15. Bf4 Qxb2 16. Rb1 Qxa2 17. Rxb7 Nd4 18. Nxd4 Qa1+ 19. Rb1 Qxd4 20. Rh2 g5 21. Nb3 Bb4+ 22. Kf1 Qc4+ 23. Kg1 gxf4 24. gxf4 Kh8 0-1

[Event "Wroclaw op"]
[Site "Wroclaw"]
[Date "2018.08.01"]
[Round "5"]
[White "Daleczko, Zbigniew"]
[Black "Malecki, Rafal"]
[Result "0-1"]
[WhiteElo "1824"]
[BlackElo "1994"]
[PlyCount "58"]
[EventDate "2018.07.30"]
[EventType "swiss"]
[EventRounds "9"]
[EventCountry "POL"]
[SourceTitle "CBM 185 Extra"]
[Source "ChessBase"]
[SourceDate "2018.07.29"]
[SourceVersion "1"]
[SourceVersionDate "2018.07.29"]
[SourceQuality "1"]

1. e4 d6 2. d4 g6 3. c3 Bg7 4. Bd3 e5 5. Ne2 Nc6 6. Be3 Nf6 7. h3 0-0 8. d5 Ne7 9. Qd2 c6 10. c4 cxd5 11. cxd5 Nxe4 12. Bxe4 f5 13. Bh6 Bxh6 14. Qxh6 fxe4 15. Nbc3 Nf5 16. Qd2 e3 17. fxe3 Qh4+ 18. g3 Nxg3 19. Nxg3 Qxg3+ 20. Kd1 Rf2 21. Ne2 Qf3 22. Re1 Bxh3 23. Rc1 Rc8 24. Rxc8+ Bxc8 25. Qa5 Bg4 26. Qd8+ Qf8 27. Qxf8+ Kxf8 28. e4 Rxe2 29. Rxe2 h5 0-1

[Event "Wroclaw op"]
[Site "Wroclaw"]
[Date "2018.07.30"]
[Round "1"]
[White "Mroziak, Maciej"]
[Black "Malecki, Rafal"]
[Result "1/2-1/2"]
[WhiteElo "2404"]
[BlackElo "1994"]
[PlyCount "115"]
[EventDate "2018.07.30"]
[EventType "swiss"]
[EventRounds "9"]
[EventCountry "POL"]
[SourceTitle "CBM 185 Extra"]
[Source "ChessBase"]
[SourceDate "2018.07.29"]
[SourceVersion "1"]
[SourceVersionDate "2018.07.29"]
[SourceQuality "1"]

1. e4 d6 2. d4 g6 3. Nf3 Bg7 4. h3 Nf6 5. Bd3 Nc6 6. c3 0-0 7. 0-0 e5 8. dxe5 dxe5 9. Qe2 Nh5 10. Bb5 Bd7 11. Rd1 Qc8 12. Be3 a6 13. Bc4 Na5 14. Bd3 b5 15. Nbd2 c5 16. a4 c4 17. Bc2 Bc6 18. axb5 axb5 19. Nf1 Re8 20. Bb6 Nf4 21. Qd2 Nb3 22. Bxb3 cxb3 23. Ng3 Qb7 24. Rxa8 Rxa8 25. Qe3 Ne6 26. Nd2 Bf6 27. f3 Be7 28. Nxb3 Ra2 29. Bc5 Rxb2 30. Bxe7 Qxe7 31. Nc1 Nf4 32. Rd2 Qg5 33. Kh2 Rxd2 34. Qxd2 Nxh3 35. Qxg5 Nxg5 36. Nd3 f6 37. Kg1 Kf7 38. Kf2 h5 39. Ke3 Ne6 40. Nf1 h4 41. Nd2 Ke7 42. Nb4 Kd6 43. c4 Nf4 44. Kf2 bxc4 45. Nxc4+ Kc5 46. Nxc6 Kxc6 47. Ne3 Kd6 48. g3 hxg3+ 49. Kxg3 Ke6 50. Nc4 f5 51. exf5+ gxf5 52. Kf2 Nd5 53. Ke2 Kf6 54. Kf2 Nf4 55. Ke3 Ng6 56. Kd3 Kg5 57. Ke3 Kh4 58. Nxe5 1/2-1/2

[Event "POL-chT 2nd League"]
[Site "Szklarska Poreba"]
[Date "2017.09.10"]
[Round "9.8"]
[White "Malecki, Rafal"]
[Black "Faron, Rafal"]
[Result "1/2-1/2"]
[WhiteElo "2006"]
[BlackElo "2115"]
[PlyCount "63"]
[EventDate "2017.09.02"]
[EventType "team-swiss"]
[EventRounds "9"]
[EventCountry "POL"]
[SourceTitle "CBM 180 Extra"]
[Source "ChessBase"]
[SourceDate "2017.10.06"]
[SourceVersion "1"]
[SourceVersionDate "2017.10.06"]
[SourceQuality "1"]
[WhiteTeam "Chroscice Victoria"]
[BlackTeam "Podlesie UKS 21"]
[WhiteTeamCountry "POL"]
[BlackTeamCountry "POL"]

1. Nf3 Nf6 2. g3 g6 3. Bg2 Bg7 4. 0-0 0-0 5. d3 Re8 6. e4 e5 7. c3 d6 8. Nbd2 Bg4 9. Qc2 c6 10. h3 Bxf3 11. Bxf3 Nbd7 12. a4 a5 13. Nc4 Qc7 14. Ne3 Nf8 15. Ng4 Nxg4 16. Bxg4 Ne6 17. h4 h5 18. Bh3 Kh7 19. Qe2 Qe7 20. Be3 c5 21. Rfb1 Reb8 22. Kg2 Nc7 23. b4 b6 24. bxc5 dxc5 25. Rb2 Qd6 26. Rab1 Rb7 27. Kh2 Ne6 28. Qc2 Bf8 29. Bf1 Rd8 30. Be2 Be7 31. Qb3 Kg7 32. Qc4 1/2-1/2

[Event "POL-chT 2nd League"]
[Site "Szklarska Poreba"]
[Date "2017.09.09"]
[Round "8.13"]
[White "Suliborski, Jakub"]
[Black "Malecki, Rafal"]
[Result "0-1"]
[WhiteElo "2090"]
[BlackElo "2006"]
[PlyCount "90"]
[EventDate "2017.09.02"]
[EventType "team-swiss"]
[EventRounds "9"]
[EventCountry "POL"]
[SourceTitle "CBM 180 Extra"]
[Source "ChessBase"]
[SourceDate "2017.10.06"]
[SourceVersion "1"]
[SourceVersionDate "2017.10.06"]
[SourceQuality "1"]
[WhiteTeam "Minsk Mazowiecki MTSz"]
[BlackTeam "Chroscice Victoria"]
[WhiteTeamCountry "POL"]
[BlackTeamCountry "POL"]

1. d4 Nf6 2. c4 g6 3. Nc3 Bg7 4. e4 d6 5. h3 0-0 6. Nf3 Nbd7 7. Bg5 h6 8. Be3 e5 9. d5 a5 10. Qc2 b6 11. g4 Nc5 12. 0-0-0 Ne8 13. Nh2 f5 14. f3 f4 15. Bf2 Bf6 16. Bd3 Bh4 17. Bg1 Bd7 18. b3 Nf6 19. Nf1 Nh7 20. Nd2 Ng5 21. Be2 Kg7 22. a3 Rh8 23. Kb2 h5 24. Nf1 hxg4 25. hxg4 Be1 26. Rxh8 Bxc3+ 27. Qxc3 Qxh8 28. Qe1 Qh1 29. Nd2 Qg2 30. Qf1 Qxf1 31. Rxf1 Rh8 32. b4 axb4 33. axb4 Na4+ 34. Kc2 Rh1 35. Bf2 Rh2 36. Bd1 Nh3 37. Be1 b5 38. Kb3 bxc4+ 39. Nxc4 Bb5 40. Bc3 Nb6 41. Nxb6 Bxf1 42. Na8 Nf2 43. Bc2 Nd3 44. Nxc7 Nc1+ 45. Kb2 Bd3 0-1

[Event "POL-chT 2nd League"]
[Site "Szklarska Poreba"]
[Date "2017.09.05"]
[Round "4.11"]
[White "Kmak, Wieslaw"]
[Black "Malecki, Rafal"]
[Result "1/2-1/2"]
[WhiteElo "1867"]
[BlackElo "2006"]
[PlyCount "61"]
[EventDate "2017.09.02"]
[EventType "team-swiss"]
[EventRounds "9"]
[EventCountry "POL"]
[SourceTitle "CBM 180 Extra"]
[Source "ChessBase"]
[SourceDate "2017.10.06"]
[SourceVersion "1"]
[SourceVersionDate "2017.10.06"]
[SourceQuality "1"]
[WhiteTeam "Chrzanow Olimpijczyk"]
[BlackTeam "Chroscice Victoria"]
[WhiteTeamCountry "POL"]
[BlackTeamCountry "POL"]

1. e4 d6 2. f4 g6 3. Nf3 Bg7 4. Nc3 Nf6 5. g3 0-0 6. Bg2 c6 7. d3 d5 8. e5 Ne8 9. 0-0 f6 10. d4 Bg4 11. h3 Bxf3 12. Bxf3 Qb6 13. Na4 Qc7 14. Nc5 Qc8 15. Bg4 f5 16. Bf3 a5 17. Qe2 e6 18. Bd2 b6 19. Na4 Nd7 20. c4 Nc7 21. Rac1 b5 22. cxb5 Nxb5 23. Qd3 Qb7 24. Nc5 Nxc5 25. Rxc5 a4 26. Rfc1 Rfc8 27. Be2 Bf8 28. R5c2 Qb6 29. Be3 Ra5 30. Qd2 Na7 31. a3 1/2-1/2